| Registos Bibliográficos associados ao registo de autoridade |
|
Etiqueta de registo: 00000nam 2200025 450 001 2014667 003 http://id.bnportugal.gov.pt/bib/catbnp/2014667 100 ## $a20190214d2018 k y0pory01030103ba 101 0# $aengeng $dpor 102 ## $aPT 105 ## $aa m 000yy 106 ## $ar 200 1# $aCandida glabrata biofilms$emechanisms of antifungal resistance and matrix role$fCélia Fortuna Rodrigues$gorient. Mariana Contente Rangel Henriques, Manuel Vilanova 210 #9 $a[S.l.$cs.n.],$d2018 215 ## $aXXXIX, 237 p.$cil.$d30 cm 328 #1 $aTese dout. Engenharia Química e Biológica, Escola de Engenharia, Universidade do Minho,
2018 675 ## $a661.12(043)$vBN$zpor$31246928 675 ## $a579.61(043)$vBN$zpor$31257806 675 ## $a616-022.7-085(043)$vBN$zpor$31511408 700 #1 $aRodrigues,$bCélia Fortuna$31742240 702 #1 $aHenriques,$bMariana$4727$31468047 702 #1 $aVilanova,$bManuel$4727$3943890 801 #0 $aPT$bBN$gRPC 966 ## $lBN$mFGMON$sS.A. 171599 V.
Etiqueta de registo: 00254nam 2200025 450 001 2281022 003 http://id.bnportugal.gov.pt/bib/catbnp/2281022 100 ## $a20260317d2025 k y0pory01030103ba 101 0# $aeng$dpor 102 ## $aPT 105 ## $aa m 000yy 106 ## $ar 200 1# $aEvaluation of the potential of oral bacteria in prevention and-or treatment of oral
candidiasis$fAntónio Miguel de Sousa Mendes Rajão$gorient. José Carlos Márcia Andrade, Paulo Alexandre Martins Abreu Rompante, Célia
Fortuna Rodrigues 210 #9 $aGandra$c[s.n.],$d2025 215 ## $aXXXII, 109 p.$cil.$d30 cm 328 #1 $aTese dout. Ciências Biomédicas, CESPU - Instituto Universitário de Ciências da Saúde,
2025 675 ## $a616-022(043)$vBN$zpor$31244789 675 ## $a582.28(043)$vBN$zpor$3299713 700 #1 $aRajão,$bAntónio Miguel de Sousa Mendes$31991866 702 #1 $aAndrade,$bJosé Carlos Márcia$4727$31186166 702 #1 $aRompante,$bPaulo$4727$31401004 702 #1 $aRodrigues,$bCélia Fortuna$4727$31742240 801 #0 $aPT$bBN$gRPC 966 ## $lBN$mFGMON$sS.A. 193418 V.$x1 971 ## $cabrito$d20260317 973 ## $cigoulao$d20260401 975 ## $e0$d20260408$viquintas
|
|
|